000 01129cab a2200409 4500
001 ABS54094
008 090401t1995 xxu||||| |||| 00| 0 eng d
035 _a(Sirsi) u8470
041 _aeng
245 _aFocus `95: industrial and distribution
260 _c1995
350 _a0
490 _aEstates Gazette
_v(9546) 18 November 1995, 87-176(30)
650 _aCHANNEL TUNNEL RAIL TERMINALS
650 _aCONTAMINATED LAND
650 _aDISTRIBUTION MARKET
650 _aEUROCENTRAL
650 _aFREIGHT
650 _aHEAVY INDUSTRY MARKET
650 _aINDUSTRIAL LAND
650 _aINDUSTRIAL MARKET
650 _aINDUSTRIAL PARKS
650 _aInfrastructure
_96246
650 _aMANUFACTURING INDUSTRY
650 _aMOTOR INDUSTRY
650 _aMOTORWAYS
650 _aNON-FOOD RETAIL
650 _aPLANNING ISSUES
650 _aPLANNING POLICY GUIDANCE NOTE 13
650 _aRAILWAYS
650 _aPROPERTY-COMMERCIAL PROPERTY-RETAIL PROPERTY-RETAIL PROPERTY MARKET
650 _aSECURITY
650 _aWAREHOUSES
690 _aSPECIAL REPORTS
942 _n0
948 _c04/03/1997
999 _c5221
_d5221